000 00897nas a2200277 4500
001 BR2014005138
003 BR-BrBNA
005 20231205124404.0
007 ta
008 230509b bl.|||p| |||| 00| 00por d
040 _aBR-BrBNA
_bpor
_cBiblioteca Nacional de Agricultura
041 _a(En)
072 _aM12; F61
100 1 _aMachado, L.P.
100 1 _aMatsumoto, S.T.
100 1 _aCuzzuol, G.R.F.
100 1 _aOliveira Junior, L.F.G.
245 1 _aInfluence of laboratory cultivation on species of Rhodophyta physiological evaluations and antifungal activity against phytopathogens
650 _aALGA
650 _aFISIOLOGIA VEGETAL
650 _aCARBOIDRATO
650 _aPIGMENTO
773 0 _tRevista Ciência Agronômica (Brazil)
_xISSN 0045-6888
_g(Jan-Mar 2014), v. 45(1) p. 52-61
_wBR2014005138
909 _a202311
_bLúcia
_c55
_dLúcia Elande
942 _2AGRIS
_n0
_cANA
999 _c238813
_d238813